Statistics for What animal is this #1

Click here to take the quiz!

General Stats

  • This quiz has been taken 36 times
  • The average score is 14 of 16

Answer Stats

Answer% Correct
Rabbit/bunny
100%
Elephant
97%
Fox
97%
Polar bear
97%
Rhino
97%
Tiger
97%
Turtle
97%
Wolf
97%
Flamingo
93%
Kangaroo
93%
Chimpanzee
90%
Sea lion
87%
Orangutan
80%
Python
67%
Dingo
63%
Jaguar
63%

Score Distribution

Percentile by Number Answered

Percent of People with Each Score

Your Score History

You have not taken this quiz